| 000 | 00556nam a2200181Ia 4500 | ||
|---|---|---|---|
| 003 | GCL | ||
| 008 | 140319s9999 xx 000 0 ara d | ||
| 040 |
_aGCL / _cGCL |
||
| 082 | 0 | 4 |
_aق _b401.1 _bم ت |
| 100 | 1 | _aمحمود حماد | |
| 245 | 1 | 0 |
_aتعليم الهيروغليفية لغة مصر القديمة / _cمحمود حماد |
| 260 |
_a[S.N] : _bالهيئة المصرية العامة للكتاب ، _c1991 |
||
| 300 | _a99 ص | ||
| 490 | _a | ||
| 650 | 0 | 4 | _aلغات رمزية |
| 650 | 0 | 4 | _aالهيروغليفية |
| 942 |
_2ddc _cBK |
||
| 999 |
_c57818 _d57818 |
||